Click the Sustainable Development Goals - Statistics

General Stats
  • This quiz has been taken 66 times
  • The average score is 10 of 17
Answer Stats
Hint Answer % Correct
Zero Hunger 2
79%
No Poverty 1
71%
Partnership for the Goals 17
71%
Good Health and Well Being 3
71%
Climate Action 13
64%
Peace Justice and Strong Institution 16
64%
Quality Education 4
57%
Industry Innovation and Infrastructure 9
57%
Reduced Inequalities 10
50%
Sustainable City and Community 11
50%
Responsible Consumption and Production 12
50%
Life Below water 14
50%
Life on Land 15
50%
Gender Equality 5
50%
Affordable and Clean Energy 7
50%
Clean Water and Sanitation 6
43%
Decent Work and Economic Growth 8
36%
No matching quizzes found
Score Distribution
Percent of People with Each Score
Percentile by Number Answered
Your Score History
You have not taken this quiz